Top 15 Celebrities Born In 1983 - Statistics

General Stats
  • This quiz has been taken 219 times
  • The average score is 7 of 15
Answer Stats
Picture Answer % Correct
Chris Hemsworth
88%
Amy Winehouse
75%
Andrew Garfield
74%
Mila Kunis
69%
Adam Driver
67%
Henry Cavill
49%
Emily Blunt
47%
Donald Glover
42%
Jonah Hill
41%
Macklemore
40%
Carrie Underwood
27%
Frankie Grande
25%
Miranda Lambert
15%
Amber Rose
4%
Nikki Bella
1%
No matching quizzes found
Score Distribution
Percent of People with Each Score
Percentile by Number Answered
Your Score History
You have not taken this quiz